LIBRARY & INFORMATION CENTRE, KCAET, TAVANUR

ONLINE PUBLIC ACCESS CATALOGUE (OPAC)

How to write and publish a scientific paper / (Record no. 563)

MARC details
000 -LEADER
fixed length control field 00519cam a2200205ua 4500
020 ## - INTERNATIONAL STANDARD BOOK NUMBER
ISBN 0-521-56541-3
041 ## - LANGUAGE CODE
Language code of text/sound track or separate title eng
082 ## - DEWEY DECIMAL CLASSIFICATION NUMBER
Classification number 028.7
Item number DAY/HO
082 ## - DEWEY DECIMAL CLASSIFICATION NUMBER
Classification number 070.5
Item number DAY/HO
100 ## - MAIN ENTRY--AUTHOR NAME
Personal name Day, Robert A .
245 ## - TITLE STATEMENT
Title How to write and publish a scientific paper /
250 ## - EDITION STATEMENT
Edition statement 4 /
260 ## - PUBLICATION, DISTRIBUTION, ETC. (IMPRINT)
Place of publication Cambridge :
Name of publisher Cambridge University Press ,
Year of publication 1994.
300 ## - PHYSICAL DESCRIPTION
Number of Pages 223 ; .
500 ## - GENERAL NOTE
General note *CSS
942 ## - ADDED ENTRY ELEMENTS (KOHA)
Koha item type Books
Holdings
Withdrawn status Lost status Damaged status Home library Current library Date acquired Full call number Accession Number Koha item type Shelving location
Withdrawn     KAUAET KAUAET 07/04/2012 028.7 20581 Books  
      KAUAET KAUAET 17/09/2018 028.7 DAY/HO 18886 Book Bank scheme for SC students Scheme
free website counter